History of mantrayana in Japan (Record no. 1075999)

MARC details
000 -LEADER
fixed length control field 00635nam a2200241Ia 4500
003 - CONTROL NUMBER IDENTIFIER
control field OSt
005 - DATE AND TIME OF LATEST TRANSACTION
control field 20221006143043.0
008 - FIXED-LENGTH DATA ELEMENTS--GENERAL INFORMATION
fixed length control field 221006b |||||||| |||| 00| 0 eng d
037 ## - SOURCE OF ACQUISITION
Terms of availability Textual
040 ## - CATALOGING SOURCE
Original cataloging agency EASL
Transcribing agency EASL
Language of cataloging eng
041 ## - LANGUAGE CODE
Source of code eng
Language code of text/sound track or separate title eng
100 ## - MAIN ENTRY--PERSONAL NAME
Personal name YAMAMOTO Chikyo
9 (RLIN) 403246
245 #0 - TITLE STATEMENT
Title History of mantrayana in Japan
260 ## - PUBLICATION, DISTRIBUTION, ETC.
Place of publication, distribution, etc. New Delhi
Name of publisher, distributor, etc. Aditya Prakashan India
Date of publication, distribution, etc. 1987
300 ## - PHYSICAL DESCRIPTION
Extent 207p.
Dimensions cm.
942 ## - ADDED ENTRY ELEMENTS (KOHA)
Classification part 428v42, M7
Koha item type Textual
Source of classification or shelving scheme Colon Classification (CC)
Holdings
Withdrawn status Lost status Source of classification or shelving scheme Damaged status Not for loan Home library Current library Date acquired Cost, normal purchase price Total Checkouts Full call number Barcode Date last seen Cost, replacement price Price effective from Koha item type
    Colon Classification (CC)     Department of East Asian Studies Library Department of East Asian Studies Library 2022-10-06 400.00   428v42 M7 EA1008830 2022-10-06 400.00 2022-10-06 Textual
Copyright @ Delhi University Library System